ბათუმის შოთა რუსთაველის სახელმწიფო უნივერსიტეტის ბიბლიოთეკა

Superstars of the world cup.The ultimate guide to the stars of the 2006 world cup. (ბიბ.ჩანაწერი № 46697)

000 -LEADER
fixed length control field 00531nam a2200193Ia 4500
001 - CONTROL NUMBER
control field 13538
003 - CONTROL NUMBER IDENTIFIER
control field GE_BSU
008 - FIXED-LENGTH DATA ELEMENTS--GENERAL INFORMATION
fixed length control field 181216s||||||||xx |||||||||||||| ||und||
020 ## - INTERNATIONAL STANDARD BOOK NUMBER
International Standard Book Number 1405463317
040 ## - CATALOGING SOURCE
Transcribing agency GE_BSU
080 ## - UNIVERSAL DECIMAL CLASSIFICATION NUMBER
Universal Decimal Classification number 796
245 ## - TITLE STATEMENT
Title Superstars of the world cup.The ultimate guide to the stars of the 2006 world cup.
260 ## - PUBLICATION, DISTRIBUTION, ETC.
Place of publication, distribution, etc. London
260 ## - PUBLICATION, DISTRIBUTION, ETC.
Name of publisher, distributor, etc. Parragon
260 ## - PUBLICATION, DISTRIBUTION, ETC.
Date of publication, distribution, etc. 2006
300 ## - PHYSICAL DESCRIPTION
Extent 223p.ill.28cm.
653 ## - INDEX TERM--UNCONTROLLED
Uncontrolled term Superstars of the world cup.The ultimate guide to the stars of the 2006 world cup
942 ## - ADDED ENTRY ELEMENTS (KOHA)
Koha item type წიგნი
ეგზემპლარები
Withdrawn status Lost status Damaged status Not for loan Date acquired Barcode Date last seen Price effective from Koha item type
        2018-12-17 36995 2018-12-17 2018-12-17 წიგნი